| 000 | 00737cam a2200253 i 4500 | ||
|---|---|---|---|
| 008 | |||
| 020 | _a0574192905 (pbk.) | ||
| 049 | _aMAIN | ||
| 090 |
_aHG179 _bMAN |
||
| 100 | 1 | _aMandell, Lewis. | |
| 245 | 1 | 0 |
_aConsumer economics / _cLewis Mandell. |
| 260 |
_aChicago : _bScience Research Associates, _cc1981. |
||
| 300 |
_axvi, 428 p. : _bill. ; _c28 cm. |
||
| 504 | _aIncludes bibliographies and index. | ||
| 650 | 0 | _aFinance, Personal. | |
| 651 | 0 |
_aUnited States _xEconomic conditions _y1971-1981. |
|
| 650 | 0 | _aEconomics. | |
| 650 | 0 | _aConsumers. | |
| 907 |
_a.b1006154x _b08-03-10 _c17-04-03 |
||
| 003 | |||
| 005 | 20230123133237.0 | ||
| 040 | _cNUST | ||
| 942 |
_cBOOKS _kHG179 _mMAN |
||
| 999 |
_c145237 _d145237 |
||